Brainrott Klassenquiz - Statistiken

Allgemein
  • Dieses Quiz wurde 3 mal gespielt
  • Das Durchschnittsergebnis liegt bei 12 aus 16
Antwortstatistiken
Frage Antwort % Korrekt
wie alt ist oskar 12
100%
was verkauft andrea einenkel Abnehmkaffee
100%
was trinkt ossi am liebsten BeetleJuiceBeetleJuice Exotic Fanta
100%
bestes getränk bonzeneistee
100%
welches handy hat ossi CAT Baustellenhandy
100%
wie heißt ossis mutter claudia
100%
Was ist die letze reihe mode? Kartoffelsack
100%
wer fhelt noch müller rob
100%
Was sind Homersdorfer Zamnamsch
100%
........scheiben....... Apfel-Zimt......Vereiser
50%
Worin ist molex der beste Clash royale
50%
was hat ossi an erstings family
50%
wer ist nie da? lilly
50%
wer war einfach hier? Ola Ola hol mir mal ne Cola
50%
Blödfug in.... Tüten
50%
was trägt siggi im winter bonzentaschenhose
0%
Keine übereinstimmenden Quizze gefunden
Verteilung der Resultate
Anzahl Personen mit jedem Resultat
Perzentil nach korrekt beantworteten Fragen
Ihre Resultats-Entwicklung
Sie haben dieses Quiz noch nicht gespielt